Harry Potter Teile - Statistiken

Allgemein
  • Dieses Quiz wurde 696 mal gespielt
  • Das Durchschnittsergebnis liegt bei 6 aus 8
Antwortstatistiken
Teil Antwort % Korrekt
1. Harry Potter und... der Stein der Weisen
99%
2. Harry Potter und... die Kammer des Schreckens
94%
4. Harry Potter und... der Feuerkelch
87%
3. Harry Potter und... der Gefangene von Askaban
85%
6. Harry Potter und... der Halbblutprinz
80%
5. Harry Potter und... der Orden des Phönix
80%
7.1. Harry Potter und... die Heiligtümer des Todes 1
49%
7.2. Harry Potter und... die Heiligtümer des Todes 2
45%
Keine übereinstimmenden Quizze gefunden
Verteilung der Resultate
Anzahl Personen mit jedem Resultat
Perzentil nach korrekt beantworteten Fragen
Ihre Resultats-Entwicklung
Sie haben dieses Quiz noch nicht gespielt